Trust

Annie, una joven adolescente de 14 años, comienza a chatear con un nuevo "amigo" desconocido. Su vida familiar hace que la chica se sienta cada vez menos comprendida, motivo por el cual se refugia en este extraño y decide cederle toda su confianza. Pero a medida que se gana su cariño, su n...

Descripción completa

Guardado en:
Autor Principal: Schwimmer, David.
Autor Corporativo: Millennium Media.
Otros Autores: Liberato, Liana; Reparto., Owen, Clive; Reparto.
Formato: Deslizar
Idioma:Undetermined
Publicado: Estados Unidos : Lionsgate, 2010.
Materias:
Etiquetas: Agregar Etiqueta
Sin Etiquetas, Sea el primero en etiquetar este registro!
LEADER 01326ngm a22002295a 4500
001 CEM.cems020690
008 231123s2010####xx#---############vlund#d
005 20231123212422.0
245 1 0 |a Trust  |h [videograbación] /  |c David Schwimmer. 
260 |a Estados Unidos :  |b Lionsgate,  |c 2010. 
300 |a 101'. 
520 |a Annie, una joven adolescente de 14 años, comienza a chatear con un nuevo "amigo" desconocido. Su vida familiar hace que la chica se sienta cada vez menos comprendida, motivo por el cual se refugia en este extraño y decide cederle toda su confianza. Pero a medida que se gana su cariño, su nuevo amigo irá allanando su camino, lleno de continuas mentiras, hasta conseguir su propósito; el hombre resulta ser un depredador sexual de 41 años que acabará siendo una pesadilla tanto para ella como para su familia. 
590 |a Identificación anterior: 307 
538 |a Soporte: DVD -- Formato: AVI – Peso: 824mb -- Resolución: 512 x 288 -- 25fps 
500 |a Título original: Trust – Idioma: Inglés – Subtítulos: Español. 
100 1 |a Schwimmer, David. 
700 1 |a Liberato, Liana; Reparto. 
700 1 |a Owen, Clive; Reparto. 
710 2 |a Millennium Media. 
653 |a FICCIÓN 
653 |a LARGOMETRAJE 
859 |a CEMS  |b BIB. CEMS - Depto. Recursos Didacticos  |h 778.5  |i SCH-2  |k DRD  |p 3248.23  |t Ej.1